000 00562nam a2200181Ia 4500
999 _c2478
_d2478
003 OSt
005 20200821095609.0
008 190216s9999||||xx |||||||||||||| ||und||
040 _coclc
082 _a541.38
_bFRI/N
100 _aFriedlander, Gerhart
_94242
245 0 _aNuclear And Radiochemistry /
_cGerhart Friedlander ; Joseph W Kennedy ; E S Macias ; J M Miller
250 _a3rd Ed.
260 _bJohn Wiley & Sons,
_c1981.
_aNew York:
300 _a684p
650 _aChemistry
942 _cBK
_2ddc
_h541.38
_iFRI/N
_k541.38
_mFRI/N